[Event "Olympiad-45"]
[Site "Budapest"]
[Date "2024.09.20"]
[Round "9.1"]
[White "Hasford, John Kojo"]
[Black "De Mey, Juan Pablo"]
[Result "1/2-1/2"]
[WhiteElo "1956"]
[BlackElo "1992"]
[PlyCount "102"]
[EventDate "2024.09.11"]
[EventType "team-swiss"]
[EventRounds "11"]
[EventCountry "HUN"]
[SourceTitle "EXT 2025"]
[Source "ChessBase"]
[SourceDate "2024.10.14"]
[SourceVersion "1"]
[SourceVersionDate "2024.10.14"]
[SourceQuality "1"]
[WhiteTeam "Ghana"]
[BlackTeam "Aruba"]
[WhiteTeamCountry "GHA"]
[BlackTeamCountry "ARN"]

1. d4 d5 2. Nf3 e6 3. c4 Nf6 4. Nc3 dxc4 5. Bg5 c5 6. e3 Nc6 7. Bxc4 cxd4 8. exd4 Be7 9. 0-0 0-0 10. Qd2 b6 11. Rad1 Bb7 12. Qe2 Nd5 13. Bc1 Ncb4 14. Ne4 Rc8 15. a3 Rxc4 16. Qxc4 Ba6 17. Qb3 Bxf1 18. Kxf1 Nc6 19. Qd3 f6 20. b4 Qd7 21. Bd2 Rc8 22. Kg1 Nd8 23. g3 Nf7 24. Kg2 g5 25. Kg1 g4 26. Ne1 f5 27. Nc3 h5 28. Ng2 Nf6 29. Bf4 Rd8 30. Qb5 Qb7 31. Qe2 Rc8 32. Qd2 Qf3 33. Rc1 Nh7 34. Ne1 Qb7 35. Ne2 Rxc1 36. Qxc1 Nhg5 37. Bxg5 Nxg5 38. Nf4 Kf7 39. Qe3 Qc6 40. h4 gxh3 41. Kh2 a5 42. bxa5 bxa5 43. Nxh5 Qe4 44. Qxe4 Nxe4 45. f3 Nd2 46. a4 Nb3 47. Nc2 Nd2 48. Kxh3 Nxf3 49. Kg2 Nd2 50. Nf4 Ne4 51. Ne2 Ke8 1/2-1/2

[Event "Aruba op"]
[Site "Aruba"]
[Date "2023.10.05"]
[Round "1"]
[White "De Mey, Juan Pablo"]
[Black "Donata, Eldrick"]
[Result "1-0"]
[WhiteElo "2015"]
[BlackElo "1555"]
[PlyCount "33"]
[EventDate "2023.10.05"]
[EventType "swiss"]
[EventRounds "7"]
[EventCountry "ARN"]
[SourceTitle "EXT 2025"]
[Source "ChessBase"]
[SourceDate "2024.10.14"]
[SourceVersion "1"]
[SourceVersionDate "2024.10.14"]
[SourceQuality "1"]

1. e4 e5 2. Nf3 d5 3. Nc3 d4 4. Ne2 Nd7 5. Ng3 b6 6. Bc4 Be7 7. c3 c5 8. cxd4 cxd4 9. Nf5 Kf8 10. 0-0 g6 11. Nxe7 Nxe7 12. Ng5 Qc7 13. d3 Kg7 14. Qf3 Nf6 15. Nxf7 Bg4 16. Bh6+ Kg8 17. Qxf6 1-0

[Event "Central America-ch 24th"]
[Site "San Salvador"]
[Date "2023.01.21"]
[Round "11"]
[White "De Mey, Juan Pablo"]
[Black "Etienne, Angelo"]
[Result "0-1"]
[WhiteElo "2013"]
[BlackElo "2010"]
[PlyCount "118"]
[EventDate "2023.01.21"]
[EventType "swiss"]
[EventRounds "11"]
[EventCountry "ESA"]
[SourceTitle "CBM 212 Extra"]
[Source "ChessBase"]
[SourceDate "2023.03.31"]
[SourceVersion "1"]
[SourceVersionDate "2023.03.31"]
[SourceQuality "1"]

1. e4 c6 2. d4 d5 3. e5 Bf5 4. h4 h5 5. Bd3 Bxd3 6. Qxd3 e6 7. Bg5 Qb6 8. Nd2 Nd7 9. Ngf3 Ne7 10. 0-0 Nf5 11. c4 Be7 12. Rfe1 Bxg5 13. hxg5 g6 14. b4 a5 15. b5 dxc4 16. Nxc4 Qxb5 17. Nh4 Kf8 18. Nxf5 gxf5 19. Rab1 Qa6 20. Qa3+ Kg7 21. Nd6 b6 22. Nxf5+ exf5 23. e6 Nf8 24. Qe7 Qa7 25. Qf6+ Kg8 26. e7 Qd7 27. exf8Q+ Rxf8 28. Re7 Qd5 29. Rbe1 h4 30. g6 Rh6 31. gxf7+ Kh7 32. Qg5 Rg6 33. Qxh4+ Kg7 34. Qh3 Rxf7 35. Rxf7+ Qxf7 36. Qf3 Qd7 37. Rd1 Qd5 38. Qxd5 cxd5 39. Re1 Rd6 40. Re5 Kf6 41. a4 Rd8 42. Kh2 Rh8+ 43. Kg3 Rg8+ 44. Kf3 Rd8 45. Kf4 Rc8 46. Rxf5+ Ke6 47. Rh5 Rc4 48. Rh6+ Kd7 49. Ke5 Kc7 50. f4 Rxa4 51. f5 Ra1 52. f6 Rf1 53. Kxd5 a4 54. Rh7+ Kd8 55. Ke6 Re1+ 56. Kd6 Ke8 57. Ra7 b5 58. Kc5 Rb1 59. g4 Rg1 0-1

[Event "Barcelona Sant Marti op-A 22nd"]
[Site "Barcelona"]
[Date "2022.07.17"]
[Round "5"]
[White "Noboa Silva, Kevin Omar"]
[Black "De Mey, Juan Pablo"]
[Result "1/2-1/2"]
[WhiteElo "2304"]
[BlackElo "1995"]
[PlyCount "98"]
[EventDate "2022.07.13"]
[EventType "swiss"]
[EventRounds "9"]
[EventCountry "ESP"]
[SourceTitle "CBM 209 Extra"]
[Source "ChessBase"]
[SourceDate "2022.09.30"]
[SourceVersion "1"]
[SourceVersionDate "2022.09.30"]
[SourceQuality "1"]

1. d4 Nf6 2. c4 e6 3. Nc3 Bb4 4. e3 0-0 5. Bd3 d5 6. a3 Bxc3+ 7. bxc3 dxc4 8. Bxc4 c5 9. Nf3 Qc7 10. Be2 Nbd7 11. 0-0 b6 12. Bb2 Bb7 13. c4 Qc6 14. Rc1 Rfd8 15. Qc2 Rac8 16. Rfd1 cxd4 17. exd4 Nf8 18. Qb3 Ng6 19. Ne1 Qe8 20. Bf3 Bxf3 21. Nxf3 Ne4 22. Re1 Qc6 23. d5 exd5 24. cxd5 Nc5 25. Qc3 Qf6 26. Qc2 Qf4 27. Red1 Qb8 28. Qf5 Qf4 29. Qh3 f5 30. Qg3 Nd3 31. Rxc8 Rxc8 32. Qxf4 Ngxf4 33. Ba1 Nxd5 34. Nd4 Ne7 35. Ne2 Rc2 36. Rxd3 Rxe2 37. Bc3 Ra2 38. Rd1 Rc2 39. Bd2 Nc6 40. Bf4 b5 41. h4 a5 42. Rb1 b4 43. axb4 axb4 44. Bd6 Rc4 45. h5 Rd4 46. Bc5 Rc4 47. Bd6 Rd4 48. Bc5 Rc4 49. Bd6 Rd4 1/2-1/2

[Event "Maastricht Limburg op-A 9th"]
[Site "Maastricht"]
[Date "2015.05.25"]
[Round "7"]
[White "Van Veen, Oscar"]
[Black "De Mey, Juan Pablo"]
[Result "1-0"]
[WhiteElo "2265"]
[BlackElo "1969"]
[PlyCount "137"]
[EventDate "2015.05.22"]
[EventType "swiss"]
[EventRounds "7"]
[EventCountry "NED"]
[SourceTitle "CBM 166 Extra"]
[Source "ChessBase"]
[SourceDate "2015.06.18"]
[SourceVersion "1"]
[SourceVersionDate "2015.06.18"]
[SourceQuality "1"]

1. e4 c5 2. c3 Nf6 3. e5 Nd5 4. Nf3 Nc6 5. Bc4 Nb6 6. Bb3 d6 7. exd6 Qxd6 8. 0-0 g6 9. Na3 Bg7 10. d4 cxd4 11. Nb5 Qb8 12. Nfxd4 0-0 13. Nxc6 bxc6 14. Na3 Bb7 15. Be3 Nd5 16. Bc5 Bf6 17. Qf3 Rd8 18. Rfe1 Qc7 19. Nc4 Bc8 20. Rad1 h5 21. Qg3 Qxg3 22. hxg3 Bd7 23. Na5 e6 24. c4 Nb6 25. Bxb6 axb6 26. Nb7 Be8 27. Nxd8 Bxd8 28. a4 Bf6 29. Rb1 Kg7 30. Bc2 c5 31. b3 Rc8 32. Be4 Bd4 33. Kf1 Rc7 34. Re2 f5 35. Bd5 e5 36. f3 g5 37. Ra2 Ra7 38. Ke2 Bg6 39. Rh1 Kf6 40. Kd1 g4 41. f4 e4 42. Ke2 Ke7 43. Bc6 Rc7 44. Bb5 Ra7 45. Rd2 Ra8 46. Rhd1 Rd8 47. b4 Be8 48. bxc5 bxc5 49. Bxe8 Kxe8 50. Rb1 Kd7 51. a5 Ra8 52. Ra2 Bc3 53. Rb7+ Kc6 54. Rb6+ Kc7 55. Rb5 Kc6 56. a6 Ra7 57. Rb8 Bg7 58. Re8 Kd6 59. Rg8 Bf6 60. Rf8 Be7 61. Rxf5 h4 62. Rd5+ Kc6 63. gxh4 Bxh4 64. Rh5 Be7 65. Rh7 Kb6 66. Rxe7 Rxe7 67. a7 Rxa7 68. Rxa7 Kxa7 69. f5 1-0

[Event "Maastricht Limburg op-A 9th"]
[Site "Maastricht"]
[Date "2015.05.24"]
[Round "4"]
[White "Driessens, Patrick"]
[Black "De Mey, Juan Pablo"]
[Result "1-0"]
[WhiteElo "2278"]
[BlackElo "1969"]
[PlyCount "95"]
[EventDate "2015.05.22"]
[EventType "swiss"]
[EventRounds "7"]
[EventCountry "NED"]
[SourceTitle "CBM 166 Extra"]
[Source "ChessBase"]
[SourceDate "2015.06.18"]
[SourceVersion "1"]
[SourceVersionDate "2015.06.18"]
[SourceQuality "1"]

1. d4 d6 2. Nf3 f5 3. c4 Nf6 4. Nc3 g6 5. g3 Bg7 6. Bg2 0-0 7. 0-0 c6 8. Re1 Nbd7 9. e4 Nb6 10. exf5 Bxf5 11. Qe2 Re8 12. h3 e5 13. dxe5 dxe5 14. Rd1 Qe7 15. b3 e4 16. Nd4 Rad8 17. Nxf5 gxf5 18. Rxd8 Rxd8 19. Bb2 Nbd7 20. Nd1 Nc5 21. Ne3 Qe6 22. Rd1 Nd3 23. f4 Re8 24. Ba1 Bf8 25. Kh2 Bg7 26. Rf1 Re7 27. Kh1 Ne8 28. Bxg7 Nxg7 29. g4 Kh8 30. Kg1 Qf6 31. Kh2 Qd6 32. Kg3 Rf7 33. gxf5 Rxf5 34. Nxf5 Nxf5+ 35. Kh2 Nxf4 36. Qb2+ Kg8 37. Kg1 Ne3 38. Rf2 Nd1 39. Qd2 Qxd2 40. Rxd2 Nc3 41. Kf2 Kg7 42. Ke3 Ne6 43. Bxe4 Nc5 44. Rg2+ Kh6 45. Bd3 b5 46. Kd4 bxc4 47. Kxc4 N3e4 48. Bc2 1-0

[Event "Maastricht Limburg op-A 9th"]
[Site "Maastricht"]
[Date "2015.05.23"]
[Round "2"]
[White "De Mey, Juan Pablo"]
[Black "Wecker, Martin"]
[Result "0-1"]
[WhiteElo "1969"]
[BlackElo "2122"]
[PlyCount "120"]
[EventDate "2015.05.22"]
[EventType "swiss"]
[EventRounds "7"]
[EventCountry "NED"]
[SourceTitle "CBM 166 Extra"]
[Source "ChessBase"]
[SourceDate "2015.06.18"]
[SourceVersion "1"]
[SourceVersionDate "2015.06.18"]
[SourceQuality "1"]

1. e4 c5 2. Nf3 e6 3. d4 cxd4 4. Nxd4 Nc6 5. Nxc6 bxc6 6. Nc3 Nf6 7. Bd3 d5 8. exd5 exd5 9. Bg5 Be7 10. h3 0-0 11. Qf3 Qb6 12. 0-0 Be6 13. b4 Qxb4 14. Rab1 Qd6 15. Rb7 Bc8 16. Bf4 Qe6 17. Rbb1 Nd7 18. Qg3 Qf6 19. Na4 h5 20. h4 Qxh4 21. Qe3 Qf6 22. g3 Bd6 23. Bg5 Qe5 24. Qd2 Be7 25. Be3 Qd6 26. Qe2 g6 27. Kg2 c5 28. Bf4 Qf6 29. Qf3 Nb6 30. Nxb6 axb6 31. Qxd5 Be6 32. Qe5 Qxe5 33. Bxe5 Bd5+ 34. f3 c4 35. Be2 Bc5 36. Rfd1 Be6 37. Bd6 Bxd6 38. Rxd6 Rxa2 39. Bd1 Bf5 40. Rbxb6 Bxc2 41. Rd2 Bb3 42. Rxa2 Bxa2 43. Rb2 Ra8 44. Kf2 Ra3 45. Ke2 Bb3 46. Bxb3 Rxb3 47. Rc2 Rb4 48. Ke3 Kg7 49. Kd4 Kf6 50. Rc3 Rb3 51. Kxc4 Rxc3+ 52. Kxc3 Kf5 53. Kd4 g5 54. Ke3 h4 55. gxh4 gxh4 56. Kf2 Kf4 57. Kg2 f5 58. Kh3 Kxf3 59. Kxh4 f4 60. Kh3 Ke2 0-1

[Event "Olympiad-41"]
[Site "Tromsoe"]
[Date "2014.08.04"]
[Round "3.1"]
[White "De Mey, Juan Pablo"]
[Black "Li, Hui"]
[Result "0-1"]
[WhiteElo "1937"]
[BlackElo "1944"]
[PlyCount "90"]
[EventDate "2014.08.02"]
[EventType "team-swiss"]
[EventRounds "11"]
[EventCountry "NOR"]
[SourceTitle "CBM 162"]
[Source "ChessBase"]
[SourceDate "2014.09.17"]
[SourceVersion "1"]
[SourceVersionDate "2014.09.17"]
[SourceQuality "1"]
[WhiteTeam "Aruba"]
[BlackTeam "Macau"]
[WhiteTeamCountry "ARN"]
[BlackTeamCountry "MAC"]

1. e4 c5 2. Nf3 d6 3. Bb5+ Bd7 4. Bxd7+ Qxd7 5. c4 Nf6 6. Nc3 Nc6 7. d4 cxd4 8. Nxd4 Qg4 9. Qxg4 Nxg4 10. Nxc6 bxc6 11. 0-0 g6 12. Rb1 Bg7 13. Ne2 0-0 14. Nf4 Ne5 15. b3 a5 16. Rd1 a4 17. Nd3 axb3 18. axb3 Nxd3 19. Rxd3 Ra2 20. Bg5 f6 21. Rd2 Ra3 22. Be3 c5 23. g3 Rb8 24. Rd3 Ra4 25. Rdd1 Rab4 26. Ra1 Rxb3 27. Ra7 Rb1 28. Rxb1 Rxb1+ 29. Kg2 Kf7 30. Ra2 Rb4 31. Rc2 f5 32. exf5 gxf5 33. h4 Rb2 34. Rc1 Rb3 35. Bd2 Bd4 36. Be1 e5 37. Rc2 Ke6 38. Ra2 Rb1 39. Bd2 Rb2 40. Rxb2 Bxb2 41. f3 d5 42. cxd5+ Kxd5 43. g4 fxg4 44. f4 exf4 45. Bxf4 h5 0-1

[Event "Maastricht Limburg op-B 8th"]
[Site "Maastricht"]
[Date "2014.06.07"]
[Round "3"]
[White "De Mey, Juan Pablo"]
[Black "Negues, Feyyaz"]
[Result "1-0"]
[WhiteElo "1946"]
[BlackElo "1983"]
[PlyCount "69"]
[EventDate "2014.06.06"]
[EventType "swiss"]
[EventRounds "7"]
[EventCountry "NED"]
[SourceTitle "EXT 2015"]
[Source "ChessBase"]
[SourceDate "2014.11.20"]
[SourceVersion "1"]
[SourceVersionDate "2014.11.20"]
[SourceQuality "1"]

1. d4 Nf6 2. c4 e6 3. Nc3 Bb4 4. e3 0-0 5. Nge2 b6 6. a3 Bxc3+ 7. Nxc3 Bb7 8. Bd3 c5 9. d5 d6 10. 0-0 e5 11. e4 Nbd7 12. b3 a6 13. Bg5 h6 14. Be3 Bc8 15. Ra2 Re8 16. g3 Nf8 17. f4 Bh3 18. f5 Bxf1 19. Bxf1 N8h7 20. g4 Kf8 21. h4 Ke7 22. Qf3 Kd7 23. g5 hxg5 24. hxg5 Ng8 25. Qh5 Nf8 26. Qxf7+ Qe7 27. Qxg8 Rab8 28. Rf2 Kc7 29. f6 gxf6 30. gxf6 Qd7 31. Qg7 Ng6 32. f7 Rh8 33. Qxg6 Qe7 34. Bg5 Qd7 35. Qe6 1-0

[Event "Maastricht Limburg op-B 8th"]
[Site "Maastricht"]
[Date "2014.06.07"]
[Round "2"]
[White "Mestrom, Wolf"]
[Black "De Mey, Juan Pablo"]
[Result "0-1"]
[WhiteElo "1753"]
[BlackElo "1946"]
[PlyCount "76"]
[EventDate "2014.06.06"]
[EventType "swiss"]
[EventRounds "7"]
[EventCountry "NED"]
[SourceTitle "EXT 2015"]
[Source "ChessBase"]
[SourceDate "2014.11.20"]
[SourceVersion "1"]
[SourceVersionDate "2014.11.20"]
[SourceQuality "1"]

1. d4 d6 2. c4 e5 3. d5 f5 4. e4 fxe4 5. Nc3 Qh4 6. g3 Qf6 7. Nxe4 Qg6 8. Bg2 Be7 9. Ne2 Nh6 10. 0-0 0-0 11. Bxh6 Qxh6 12. f4 Bg4 13. Bf3 Bf5 14. c5 Qg6 15. cxd6 cxd6 16. Qa4 b5 17. Qxb5 Bxe4 18. Qd7 Bxf3 19. Rxf3 Qe4 20. Rf2 Na6 21. Qxe7 Qxd5 22. Nc3 Qc6 23. Rd1 exf4 24. Qe6+ Kh8 25. Rxd6 Qc5 26. Na4 Qc1+ 27. Rf1 Qc2 28. Rxa6 f3 29. Qh3 f2+ 30. Kh1 Rad8 31. Nc3 Qxb2 32. Rc6 Rde8 33. Qg2 Re1 34. Ne4 Qe2 35. Rc1 Rxc1 36. Rxc1 f1Q+ 37. Rxf1 Rxf1+ 38. Qxf1 Qxf1# 0-1

[Event "Universiad Men 27th"]
[Site "Kazan"]
[Date "2013.07.14"]
[Round "7"]
[White "De Mey, Juan Pablo"]
[Black "Gantner, Matthias"]
[Result "1/2-1/2"]
[WhiteElo "1951"]
[BlackElo "2270"]
[PlyCount "61"]
[EventDate "2013.07.09"]
[EventType "swiss"]
[EventRounds "9"]
[EventCountry "RUS"]
[SourceTitle "EXT 2014"]
[Source "ChessBase"]
[SourceDate "2013.11.20"]
[SourceVersion "1"]
[SourceVersionDate "2013.11.20"]
[SourceQuality "1"]

1. e4 g6 2. d4 Bg7 3. Nc3 c6 4. Bc4 d5 5. exd5 b5 6. Bb3 b4 7. Na4 cxd5 8. Ne2 Nf6 9. a3 bxa3 10. Rxa3 0-0 11. 0-0 Nbd7 12. Nf4 e6 13. Be3 Ba6 14. Re1 Re8 15. f3 Bf8 16. Ra2 Bd6 17. Nc3 Qb6 18. Qd2 Bb7 19. Nd3 Bc6 20. Rea1 Qc7 21. Bf4 Bxf4 22. Qxf4 Rec8 23. Qxc7 Rxc7 24. Nb4 Nb8 25. Kf2 Ne8 26. Ra5 Nd6 27. g4 Rb7 28. Nd3 Nc4 29. Rc5 Nb6 30. g5 Be8 31. Na4 1/2-1/2

[Event "Universiad Men 27th"]
[Site "Kazan"]
[Date "2013.07.09"]
[Round "1"]
[White "Atabayev, Yusup"]
[Black "De Mey, Juan Pablo"]
[Result "1-0"]
[WhiteElo "2431"]
[BlackElo "1951"]
[PlyCount "59"]
[EventDate "2013.07.09"]
[EventType "swiss"]
[EventRounds "9"]
[EventCountry "RUS"]
[SourceTitle "EXT 2014"]
[Source "ChessBase"]
[SourceDate "2013.11.20"]
[SourceVersion "1"]
[SourceVersionDate "2013.11.20"]
[SourceQuality "1"]

1. e4 c5 2. Nf3 a6 3. Nc3 Nc6 4. d4 cxd4 5. Nxd4 e5 6. Nf5 d6 7. Ne3 Be6 8. Ned5 Nge7 9. Be3 Bxd5 10. exd5 Nb8 11. Bd3 g6 12. h4 Bg7 13. h5 f5 14. Bg5 e4 15. Be2 h6 16. Be3 g5 17. Bd4 Bxd4 18. Qxd4 Kf7 19. g4 Nd7 20. gxf5 Nf6 21. Nxe4 Nxf5 22. Qd3 Qa5+ 23. Nc3 Ne7 24. 0-0-0 Rac8 25. Kb1 Rc5 26. Ne4 Nxe4 27. Qxe4 Qc7 28. Rh3 b5 29. Re3 Ke8 30. b4 1-0

[Event "Olympiad-40"]
[Site "Istanbul"]
[Date "2012.09.06"]
[Round "9.2"]
[White "Bae, Junggi"]
[Black "De Mey, Juan Pablo"]
[Result "0-1"]
[WhiteElo "1730"]
[BlackElo "1882"]
[PlyCount "143"]
[EventDate "2012.08.28"]
[EventType "team-swiss"]
[EventRounds "11"]
[EventCountry "TUR"]
[SourceTitle "CBM 151"]
[Source "ChessBase"]
[SourceDate "2012.11.13"]
[SourceVersion "1"]
[SourceVersionDate "2012.11.13"]
[SourceQuality "1"]
[WhiteTeam "South Korea"]
[BlackTeam "Aruba"]
[WhiteTeamCountry "KOR"]
[BlackTeamCountry "ARN"]

1. d4 Nf6 2. c4 e6 3. Nf3 b6 4. a3 Bb7 5. Nc3 Be7 6. d5 exd5 7. cxd5 d6 8. e4 c5 9. dxc6 Bxc6 10. Bd3 Nbd7 11. 0-0 0-0 12. Re1 Ne5 13. Bc2 Qc7 14. Bg5 Rac8 15. Qe2 h6 16. Bxf6 Nxf3+ 17. Qxf3 Bxf6 18. Qd3 g6 19. Bb3 Kg7 20. Rad1 Rfd8 21. Bd5 Bd7 22. Qf3 a6 23. e5 dxe5 24. Ne4 Bf5 25. Nxf6 Kxf6 26. g4 Qc5 27. gxf5 gxf5 28. Be4 f4 29. Qh3 Rg8+ 30. Kf1 Qc4+ 31. Bd3 Qe6 32. Qxh6+ Ke7 33. Qxe6+ Kxe6 34. Bxa6 Rc7 35. b3 Rh8 36. Bc4+ Kf5 37. Kg1 f6 38. f3 Rg7+ 39. Kh1 Rg3 40. Bd5 Rgh3 41. Re2 Re8 42. Bc6 Re7 43. Bd7+ Rxd7 44. Rxd7 Rxf3 45. Rb2 Rc3 46. Rd6 f3 47. Kg1 b5 48. h4 e4 49. Kf2 Kg4 50. Re6 f5 51. h5 Kxh5 52. Kg3 Kg5 53. Re5 Rc1 54. Rxb5 Rg1+ 55. Kh2 Rg4 56. Rc5 Kf4 57. b4 Rh4+ 58. Kg1 Rg4+ 59. Kf1 Rh4 60. Kg1 Rg4+ 61. Kf1 Rg8 62. Rbc2 Rh8 63. Kg1 e3 64. R2c4+ Kg5 65. Re5 f2+ 66. Kg2 Rh1 67. Rxf5+ Kxf5 68. Rc5+ Ke6 69. Rc6+ Kd7 70. Rf6 e2 71. Rf7+ Ke6 72. Rxf2 0-1

[Event "Olympiad-40"]
[Site "Istanbul"]
[Date "2012.08.29"]
[Round "2.3"]
[White "De Mey, Juan Pablo"]
[Black "Espirito Santo, Silverio"]
[Result "1-0"]
[WhiteElo "1882"]
[BlackElo "1831"]
[PlyCount "105"]
[EventDate "2012.08.28"]
[EventType "team-swiss"]
[EventRounds "11"]
[EventCountry "TUR"]
[SourceTitle "CBM 151"]
[Source "ChessBase"]
[SourceDate "2012.11.13"]
[SourceVersion "1"]
[SourceVersionDate "2012.11.13"]
[SourceQuality "1"]
[WhiteTeam "Aruba"]
[BlackTeam "Sao Tome and Principe"]
[WhiteTeamCountry "ARN"]
[BlackTeamCountry "SAO"]

1. e4 e6 2. d4 d5 3. Nd2 Nf6 4. Bd3 dxe4 5. Nxe4 Nbd7 6. Nxf6+ Nxf6 7. Be3 Be7 8. Nf3 0-0 9. Qe2 c5 10. 0-0-0 cxd4 11. Bxd4 Qa5 12. Kb1 b5 13. g4 Bb7 14. Rhg1 b4 15. Ne5 Nd5 16. Nc4 Qd8 17. Ka1 Ba6 18. Qe4 g6 19. h4 Rc8 20. Ne3 Bxd3 21. Rxd3 Qa5 22. Nxd5 Qxd5 23. Qxd5 exd5 24. Kb1 Bc5 25. Rgd1 Rfe8 26. Bxc5 Rxc5 27. b3 Rd8 28. Kb2 h6 29. R1d2 a5 30. f3 Kf8 31. c3 bxc3+ 32. Rxc3 Rxc3 33. Kxc3 Ke7 34. Rd4 Kd6 35. Ra4 Rc8+ 36. Kd3 Rc5 37. Kd4 Rb5 38. Ke3 g5 39. hxg5 hxg5 40. Rd4 Rb7 41. f4 Re7+ 42. Kf3 f6 43. Ra4 Ra7 44. b4 Kc6 45. fxg5 fxg5 46. Rxa5 Rxa5 47. bxa5 Kb5 48. Ke3 Kc4 49. Kd2 Kb5 50. Kd3 Kc5 51. a6 Kb6 52. Kd4 Kxa6 53. Kxd5 1-0

[Event "Curacao op 11th"]
[Site "Curacao"]
[Date "2011.07.25"]
[Round "4"]
[White "De Mey, Juan Pablo"]
[Black "Dekker, Marvin"]
[Result "1/2-1/2"]
[WhiteElo "1905"]
[BlackElo "2084"]
[PlyCount "118"]
[EventDate "2011.07.22"]
[EventType "swiss"]
[EventRounds "9"]
[EventCountry "AHO"]
[SourceTitle "EXT 2012"]
[Source "ChessBase"]
[SourceDate "2011.11.24"]
[SourceVersion "1"]
[SourceVersionDate "2011.11.24"]
[SourceQuality "1"]

1. e4 c5 2. Nf3 d6 3. d4 cxd4 4. Nxd4 Nf6 5. Nc3 a6 6. Be2 e5 7. Nb3 Be7 8. 0-0 0-0 9. a4 Be6 10. Be3 Nbd7 11. Nc1 Rc8 12. Kh1 Rxc3 13. bxc3 Nxe4 14. Qe1 Qc7 15. c4 Bxc4 16. Bd3 Bd5 17. Ne2 Nc3 18. Nxc3 Bc6 19. Bc4 Nc5 20. Bb3 Nxb3 21. cxb3 d5 22. Bb6 Qxb6 23. Qxe5 Bf6 24. Nxd5 Bxe5 25. Nxb6 Bxa1 26. Rxa1 Rd8 27. b4 Kf8 28. f3 Rd6 29. a5 Rd4 30. Rb1 Ke7 31. Kg1 Kf6 32. Kf2 Rd2+ 33. Kg3 Bb5 34. Rc1 Rb2 35. Rc7 Bf1 36. Nd5+ Kg6 37. Ne3 Bb5 38. Rxb7 Rxb4 39. Rb6+ f6 40. Rb7 Ra4 41. Nd5 Rxa5 42. Nf4+ Kh6 43. Ne6 g5 44. Nf8 Bd3 45. Rb6 Kg7 46. Ne6+ Kf7 47. Nd8+ Kg6 48. Rb7 h5 49. Ne6 Ra2 50. f4 Be4 51. Rg7+ Kh6 52. fxg5+ fxg5 53. Rxg5 Rxg2+ 54. Kf4 Rxh2 55. Rc5 Bd3 56. Rc6 Rh4+ 57. Ke3 Rh3+ 58. Kf4 Be4 59. Rxa6 Rf3+ 1/2-1/2

[Event "Pan American-ch U20"]
[Site "Duran"]
[Date "2011.06.10"]
[Round "8"]
[White "De Mey, Juan Pablo"]
[Black "Ortiz Ortiz, Francisco"]
[Result "1-0"]
[WhiteElo "1905"]
[BlackElo "1699"]
[PlyCount "53"]
[EventDate "2011.06.05"]
[EventType "swiss"]
[EventRounds "9"]
[EventCountry "ECU"]
[SourceTitle "EXT 2022"]
[Source "ChessBase"]
[SourceDate "2021.10.06"]
[SourceVersion "1"]
[SourceVersionDate "2021.10.06"]
[SourceQuality "1"]

1. e4 b6 2. d4 e6 3. Bd3 Bb7 4. Ne2 f5 5. Nbc3 Bb4 6. 0-0 Ne7 7. Bf4 Bxc3 8. Nxc3 0-0 9. exf5 Nxf5 10. Qg4 a6 11. Ne4 h6 12. Ng3 Kh8 13. Be5 Qg5 14. Qxg5 hxg5 15. Nxf5 exf5 16. Bxc7 b5 17. a4 bxa4 18. Rxa4 g6 19. f4 g4 20. Re1 Nc6 21. d5 Nd8 22. c4 Bc8 23. Bd6 Rg8 24. Re7 Rf8 25. Be5+ Kg8 26. Rg7+ Kh8 27. Rxd7+ 1-0